<?xml version="1.0" encoding="UTF-8"?>
<record
    xmlns:xsi="http://www.w3.org/2001/XMLSchema-instance"
    xsi:schemaLocation="http://www.loc.gov/MARC21/slim http://www.loc.gov/standards/marcxml/schema/MARC21slim.xsd"
    xmlns="http://www.loc.gov/MARC21/slim">

  <leader>01741nam a22003617a 4500</leader>
  <controlfield tag="003">DO-SdBNP</controlfield>
  <controlfield tag="005">20220127134356.0</controlfield>
  <controlfield tag="007">ta</controlfield>
  <controlfield tag="008">211006b2019    dr ||||| |||| 00| j spa d</controlfield>
  <datafield tag="020" ind1=" " ind2=" ">
    <subfield code="a">9789945503555</subfield>
  </datafield>
  <datafield tag="040" ind1=" " ind2=" ">
    <subfield code="a">DO-SdBNP</subfield>
    <subfield code="b">spa</subfield>
    <subfield code="c">BNPHU</subfield>
  </datafield>
  <datafield tag="082" ind1=" " ind2="4">
    <subfield code="2">22</subfield>
  </datafield>
  <datafield tag="245" ind1="0" ind2="0">
    <subfield code="a">Rueca y otros cuentos premiados /</subfield>
    <subfield code="c">Jes&#xFA;s Marrero, Elbys Manuel Paulino, Yirbett Josep Veloz, Elisaury Su&#xE1;rez, Mildred de los Santos, Ariel Ortiz P&#xE9;rez, Maggie Salazar ; dise&#xF1;o : Elizabeth L&#xF3;pez Rosario ; diagramaci&#xF3;n y arte final : Amado Santana.</subfield>
  </datafield>
  <datafield tag="260" ind1=" " ind2=" ">
    <subfield code="a">Santo Domingo : </subfield>
    <subfield code="b">Nacional, </subfield>
    <subfield code="c">2019.</subfield>
  </datafield>
  <datafield tag="300" ind1=" " ind2=" ">
    <subfield code="a">59 p. ;</subfield>
    <subfield code="c">21 cm. </subfield>
  </datafield>
  <datafield tag="490" ind1="1" ind2=" ">
    <subfield code="a">Narrativa</subfield>
  </datafield>
  <datafield tag="500" ind1=" " ind2=" ">
    <subfield code="a">Jurado: Ismael Melo, Emelda Ramos y Gabriel Llanos.</subfield>
  </datafield>
  <datafield tag="505" ind1="0" ind2=" ">
    <subfield code="a">Premio --</subfield>
    <subfield code="t">Rueca / </subfield>
    <subfield code="r">Jes&#xFA;s Marrero  --</subfield>
    <subfield code="t">Menciones</subfield>
    <subfield code="t">De c&#xF3;mo dos granos de polen labraron la noche / </subfield>
    <subfield code="r">Elbys Manuel Paulino --</subfield>
    <subfield code="t">3:46 / </subfield>
    <subfield code="r">Elbys Manuel Paulino --</subfield>
    <subfield code="t">Un grito de agua /</subfield>
    <subfield code="r">Yirbett Josep Veloz</subfield>
    <subfield code="t">La luz que cae / </subfield>
    <subfield code="r">Elisaury Su&#xE1;rez --</subfield>
    <subfield code="t">Uno de vainilla. Donna Black / </subfield>
    <subfield code="r">Mildred de los Santos --</subfield>
    <subfield code="t"> La &#xFA;ltima visita / </subfield>
    <subfield code="r">Ariel Ortiz P&#xE9;rez --</subfield>
    <subfield code="t">Huellas por otro camino /</subfield>
    <subfield code="r">Maggie Salazar.</subfield>
  </datafield>
  <datafield tag="586" ind1=" " ind2=" ">
    <subfield code="a">Premio Joven de Cuento Feria Internacional del Libro 2018</subfield>
  </datafield>
  <datafield tag="590" ind1=" " ind2=" ">
    <subfield code="a">Inventariado, 2021 /LP</subfield>
  </datafield>
  <datafield tag="700" ind1="1" ind2=" ">
    <subfield code="a">Marrero, Jes&#xFA;s,</subfield>
    <subfield code="d">1992-</subfield>
    <subfield code="9">80124</subfield>
  </datafield>
  <datafield tag="700" ind1="1" ind2=" ">
    <subfield code="a">Paulino, Elbys Manuel</subfield>
    <subfield code="9">80125</subfield>
  </datafield>
  <datafield tag="700" ind1="1" ind2=" ">
    <subfield code="a">Veloz, Yirbett Josep</subfield>
    <subfield code="9">80126</subfield>
  </datafield>
  <datafield tag="700" ind1="1" ind2=" ">
    <subfield code="a">Su&#xE1;rez, Elisaury</subfield>
    <subfield code="9">80127</subfield>
  </datafield>
  <datafield tag="700" ind1="1" ind2=" ">
    <subfield code="a">Santos, Mildred de los</subfield>
    <subfield code="9">80128</subfield>
  </datafield>
  <datafield tag="700" ind1="1" ind2=" ">
    <subfield code="a">Ortiz P&#xE9;rez, Ariel</subfield>
    <subfield code="9">43130</subfield>
  </datafield>
  <datafield tag="700" ind1="1" ind2=" ">
    <subfield code="a">Salazar, Maggie</subfield>
    <subfield code="9">80129</subfield>
  </datafield>
  <datafield tag="700" ind1="1" ind2=" ">
    <subfield code="a">L&#xF3;pez Rosario, Elizabeth,</subfield>
    <subfield code="e">dise&#xF1;o</subfield>
    <subfield code="9">77836</subfield>
  </datafield>
  <datafield tag="700" ind1="1" ind2=" ">
    <subfield code="a">Santana, Amado,</subfield>
    <subfield code="e">diagramaci&#xF3;n y arte final</subfield>
    <subfield code="9">7207</subfield>
  </datafield>
  <datafield tag="830" ind1=" " ind2="0">
    <subfield code="a">Narrativa</subfield>
    <subfield code="9">11366</subfield>
  </datafield>
  <datafield tag="910" ind1=" " ind2=" ">
    <subfield code="a">Lop&#xE9;rez</subfield>
  </datafield>
  <datafield tag="942" ind1=" " ind2=" ">
    <subfield code="2">ddc</subfield>
    <subfield code="c">LBS1</subfield>
  </datafield>
  <datafield tag="952" ind1=" " ind2=" ">
    <subfield code="0">0</subfield>
    <subfield code="1">0</subfield>
    <subfield code="2">ddc</subfield>
    <subfield code="7">1</subfield>
    <subfield code="8">PD</subfield>
    <subfield code="a">BNPHU</subfield>
    <subfield code="b">BNPHU</subfield>
    <subfield code="c">HD</subfield>
    <subfield code="d">2021-10-06</subfield>
    <subfield code="e">Dep&#xF3;sito Legal </subfield>
    <subfield code="l">0</subfield>
    <subfield code="p">2021-27236</subfield>
    <subfield code="r">2021-10-06</subfield>
    <subfield code="w">2021-10-06</subfield>
    <subfield code="y">LFPD</subfield>
  </datafield>
  <datafield tag="952" ind1=" " ind2=" ">
    <subfield code="0">0</subfield>
    <subfield code="1">0</subfield>
    <subfield code="2">ddc</subfield>
    <subfield code="7">1</subfield>
    <subfield code="8">PD</subfield>
    <subfield code="a">BNPHU</subfield>
    <subfield code="b">BNPHU</subfield>
    <subfield code="c">HD</subfield>
    <subfield code="d">2021-10-06</subfield>
    <subfield code="e">Dep&#xF3;sito Legal </subfield>
    <subfield code="l">0</subfield>
    <subfield code="p">2021-27237</subfield>
    <subfield code="r">2021-10-06</subfield>
    <subfield code="t">e.2</subfield>
    <subfield code="w">2021-10-06</subfield>
    <subfield code="y">LFPD</subfield>
  </datafield>
  <datafield tag="952" ind1=" " ind2=" ">
    <subfield code="0">0</subfield>
    <subfield code="1">0</subfield>
    <subfield code="2">ddc</subfield>
    <subfield code="7">1</subfield>
    <subfield code="8">DS</subfield>
    <subfield code="a">BNPHU</subfield>
    <subfield code="b">BNPHU</subfield>
    <subfield code="c">HD</subfield>
    <subfield code="d">2021-10-06</subfield>
    <subfield code="e">Dep&#xF3;sito Legal </subfield>
    <subfield code="l">0</subfield>
    <subfield code="p">2021-27238</subfield>
    <subfield code="r">2021-10-06</subfield>
    <subfield code="t">e.3</subfield>
    <subfield code="w">2021-10-06</subfield>
    <subfield code="y">LFDS</subfield>
  </datafield>
  <datafield tag="952" ind1=" " ind2=" ">
    <subfield code="0">0</subfield>
    <subfield code="1">0</subfield>
    <subfield code="2">ddc</subfield>
    <subfield code="7">5</subfield>
    <subfield code="8">DS</subfield>
    <subfield code="a">BNPHU</subfield>
    <subfield code="b">BNPHU</subfield>
    <subfield code="c">HD</subfield>
    <subfield code="d">2021-10-06</subfield>
    <subfield code="e">Donaci&#xF3;n</subfield>
    <subfield code="l">0</subfield>
    <subfield code="p">2021-27239</subfield>
    <subfield code="r">2021-10-06</subfield>
    <subfield code="t">e.4</subfield>
    <subfield code="w">2021-10-06</subfield>
    <subfield code="y">LFDS</subfield>
  </datafield>
  <datafield tag="952" ind1=" " ind2=" ">
    <subfield code="0">0</subfield>
    <subfield code="1">0</subfield>
    <subfield code="2">ddc</subfield>
    <subfield code="7">5</subfield>
    <subfield code="8">DS</subfield>
    <subfield code="a">BNPHU</subfield>
    <subfield code="b">BNPHU</subfield>
    <subfield code="c">HD</subfield>
    <subfield code="d">2021-10-06</subfield>
    <subfield code="e">Donaci&#xF3;n</subfield>
    <subfield code="l">0</subfield>
    <subfield code="p">2021-27240</subfield>
    <subfield code="r">2021-10-06</subfield>
    <subfield code="t">e.5</subfield>
    <subfield code="w">2021-10-06</subfield>
    <subfield code="y">LFDS</subfield>
  </datafield>
  <datafield tag="999" ind1=" " ind2=" ">
    <subfield code="c">50712</subfield>
    <subfield code="d">50712</subfield>
  </datafield>
</record>
